<Le> taux du crédit accordé aux entreprises francaises: couts operatoires des banques et prime de risque de defaut.

Úrokové sadzby z dlhov francúzskych podnikov. Nové zdroje financovania firiem. Definícia finančného trhu, trhu obligácií a burzy. Konkurenčné vzťahy. Postupnosť finančných operácií. Teoretická schéma ekonomickej zadlženosti. Vplyv bankových nákladov na tvorbu úrokových sadzieb. Makroekonomická deter...

Ausführliche Beschreibung

Gespeichert in:
Bibliographische Detailangaben
1. Verfasser: Boutillier, M.
Weitere Verfasser: Derangere, S.
Format: Buchkapitel
Sprache:Französisch
Schlagworte:
Tags: Tag hinzufügen
Keine Tags, Fügen Sie das erste Tag hinzu!

MARC

LEADER 00000naa a2200000 4500
001 r010352
005 20220913125329.8
041 0 |a fre 
044 |a FR 
245 1 0 |a <Le> taux du crédit accordé aux entreprises francaises: couts operatoires des banques et prime de risque de defaut.  |c M. Boutillier, S. Derangere 
520 |a Úrokové sadzby z dlhov francúzskych podnikov. Nové zdroje financovania firiem. Definícia finančného trhu, trhu obligácií a burzy. Konkurenčné vzťahy. Postupnosť finančných operácií. Teoretická schéma ekonomickej zadlženosti. Vplyv bankových nákladov na tvorbu úrokových sadzieb. Makroekonomická determinácia rizika bankrotu. 
610 2 0 |a úrok 
610 2 0 |a úver bankový 
610 2 0 |a podnik 
610 2 0 |a trh finančný 
610 2 0 |a obligácie 
610 2 0 |a burzy 
610 2 0 |a konkurencia 
610 2 0 |a náklady 
610 2 0 |a riziko 
610 2 0 |a bankrot 
610 2 0 |a poistenie 
100 1 |a Boutillier, M. 
700 1 |a Derangere, S.